RSC Anderlecht Squad 2024-2025 - Statistics

General Stats
  • This quiz has been taken 159 times
    94 since last reset
  • The average score is 22 of 31
Answer Stats
# Position Nation Player % Correct
12 FW Denmark Kasper Dolberg
91%
10 MF Belgium Yari Verschaeren
91%
4 DF Serbia Jan-Carlo Simić
89%
6 DF Sweden Ludwig Augustinsson
89%
26 GK Belgium Colin Coosemans
88%
19 FW Ecuador Nilson Angulo
88%
21 FW Mexico César Huerta
85%
3 DF Denmark Lucas Hey
85%
5 DF Senegal Moussa N'Diaye
83%
11 FW Belgium Thorgan Hazard
83%
36 FW Denmark Anders Dreyer
78%
- Coach Denmark Brian Riemer
78%
20 FW Argentina Luis Vázquez
78%
54 DF Belgium Killian Sardella
77%
29 MF Belgium Mario Stroeykens
75%
- Coach Belgium David Hubert
74%
14 DF Belgium Jan Vertonghen
74%
18 MF Ghana Majeed Ashimeru
74%
7 FW Belgium Francis Amuzu
72%
27 FW England Samuel Edozie
72%
16 GK Denmark Mads Kikkenborg
71%
23 MF Belgium Mats Rits
71%
83 FW Belgium Tristan Degreef
68%
17 MF Belgium Théo Leoni
62%
32 MF Belgium Leander Dendoncker
58%
34 DF Brazil Adryelson
55%
55 MF Belgium Marco Kana
55%
13 DF Denmark Zanka
49%
21 MF Guinea Amadou Diawara
45%
22 FW Morocco Elyess Dao
32%
25 DF Belgium Thomas Foket
31%
No matching quizzes found
Score Distribution
Percent of People with Each Score
Percentile by Number Answered
Your Score History
You have not taken this quiz since the last reset